[Event "Yerevan"]
[Site "Yerevan"]
[Date "1980.??.??"]
[Round "1"]
[White "Tal, Mihail"]
[Black "Knezevic, Milorad"]
[Result "1/2-1/2"]
[WhiteElo "2705"]
[BlackElo "2490"]
[PlyCount "28"]
[EventDate "1980.06.??"]
[Source "ChessBase"]

1. e4 e5 2. Nc3 Bc5 3. Nf3 d6 4. d4 exd4 5. Nxd4 Nf6 6. Bc4 O-O 7. O-O Nc6 8. Nb3 Bb6 9. Bg5 h6 10. Bxf6 Qxf6 11. a4 Be6 12. Bd5 Na5 13. Qe2 Nxb3 14. cxb3 c6 1/2-1/2

[Event "Nederland (ch)"]
[Site "?"]
[Date "1996.??.??"]
[Round "?"]
[White "Kuijf, M."]
[Black "Sokolov, I."]
[Result "0-1"]
[WhiteElo "2475"]
[BlackElo "2670"]
[PlyCount "102"]
[EventDate "1996.??.??"]
[Source "ChessBase"]
[SourceDate "1996.06.01"]

1. e4 e5 2. Nc3 Bc5 3. Nf3 d6 4. d4 exd4 5. Nxd4 Nf6 6. Bg5 h6 7. Bh4 O-O 8. Be2 Re8 9. f3 c6 10. Nb3 Bb6 11. Na4 Bc7 12. Nc3 Nbd7 13. Qd2 Qe7 14. Bf2 b5 15. a3 Ne5 16. Nd4 Bd7 17. O-O-O a5 18. g4 b4 19. Nb1 d5 20. exd5 Nxd5 21. Bg3 Rad8 22. Rhe1 c5 23. Nb5 Bxb5 24. Bxb5 Nc3 25. bxc3 Rxd2 26. Rxd2 Rb8 27. Rd7 Nd3+ 28. cxd3 Qg5+ 29. Kc2 Bxg3 30. hxg3 Rxb5 31. Re8+ Kh7 32. Rxf7 c4 33. Ree7 b3+ 34. Kb2 cxd3 35. Rxg7+ Qxg7 36. Rxg7+ Kxg7 37. c4 Rb8 38. Kc3 a4 39. Kxd3 Rd8+ 40. Kc3 Rd1 41. Kb2 Rf1 42. Nd2 Rf2 43. Kc3 b2 44. Nb1 Rxf3+ 45. Kxb2 Rxg3 46. Nd2 Rxg4 47. Kc3 h5 48. c5 h4 49. c6 Rg6 50. Kb4 Rxc6 51. Nf3 h3 0-1

[Event "Cappelle la Grande"]
[Site "?"]
[Date "1995.??.??"]
[Round "?"]
[White "Hebden, M."]
[Black "Giorgadze, G."]
[Result "0-1"]
[WhiteElo "2550"]
[BlackElo "2590"]
[PlyCount "72"]
[EventDate "1995.??.??"]
[Source "ChessBase"]
[SourceDate "1995.02.01"]

1. e4 e5 2. Nc3 Bc5 3. f4 d6 4. Nf3 Nf6 5. Bc4 exf4 6. d4 Bb4 7. e5 Ne4 8. O-O Nxc3 9. bxc3 Bxc3 10. exd6 Qxd6 11. Qd3 Bxa1 12. Ba3 Qf6 13. Rxa1 Bf5 14. Qb3 b6 15. Bxf7+ Kd8 16. Qd5+ Kc8 17. Qxa8 Qxf7 18. Ne5 Qe6 19. c4 Rd8 20. Bb2 Qd6 21. a3 g5 22. Rc1 Be6 23. Qxa7 g4 24. c5 bxc5 25. Rxc5 Bd5 26. Rb5 Nd7 27. Bc3 Nb6 28. Bb4 Qe6 29. Bc5 Bb7 30. Rb2 g3 31. hxg3 fxg3 32. Kf1 Qf5+ 33. Ke1 Qe4+ 34. Re2 Qb1+ 35. Kd2 Qb2+ 36. Kd3 Qb5+ 0-1

[Event "06"]
[Site "Gonfreville"]
[Date "1996.??.??"]
[Round "2"]
[White "De Firmian, Nick E"]
[Black "Serper, Grigory"]
[Result "0-1"]
[WhiteElo "2595"]
[BlackElo "2540"]
[PlyCount "94"]
[EventDate "1996.??.??"]
[Source "www.chesslib.no"]
[SourceDate "2004.05.04"]

1. e4 e5 2. Nc3 d6 3. Bc4 f5 4. exf5 Bxf5 5. Qf3 Qc8 6. g4 Bg6 7. Nh3 Nc6 8. Bb5 Nge7 9. d3 h5 10. g5 h4 11. Be3 Qd7 12. Qg2 Bf5 13. Ng1 Be6 14. O-O-O Nf5 15. Bd2 h3 16. Qf1 Nfd4 17. f4 Nxb5 18. Nxb5 Bd5 19. Nf3 O-O-O 20. Nc3 Be6 21. Re1 g6 22. fxe5 dxe5 23. Nxe5 Nxe5 24. Rxe5 Bd6 25. Re1 Rdf8 26. Qe2 Bg4 27. Qe3 b6 28. Nd5 Bf3 29. Nf6 Qc6 30. Rhf1 Bg2 31. Qe6+ Kb7 32. Bf4 Bxf1 33. Rxf1 Qg2 34. Qe4+ Qxe4 35. dxe4 Rh4 36. Bxd6 cxd6 37. Rf2 Rh5 38. Kd2 Rxg5 39. Ke2 Rg2 40. Ng4 Rfxf2+ 41. Nxf2 Rxh2 42. Kf3 g5 43. c3 a5 44. a4 Kc6 45. b4 Kd7 46. b5 Ke6 47. c4 Rxf2+ 0-1

[Event "Akureyri"]
[Site "Akureyri"]
[Date "1994.??.??"]
[Round "?"]
[White "Thorhallsson, Throstur"]
[Black "Sokolov, Ivan"]
[Result "0-1"]
[WhiteElo "2470"]
[BlackElo "2650"]
[PlyCount "128"]
[EventDate "1994.02.??"]
[Source "ChessBase"]

1. e4 e5 2. Nc3 Bc5 3. Nf3 d6 4. d4 exd4 5. Nxd4 Nf6 6. Bg5 h6 7. Bh4 O-O 8. Be2 Re8 9. Qd3 Nbd7 10. O-O-O Ne5 11. Qg3 Ng6 12. Bxf6 Qxf6 13. Nd5 Qd8 14. Nb3 Bb6 15. Bd3 Be6 16. Rhe1 Qg5+ 17. Qxg5 hxg5 18. Nxb6 axb6 19. Kb1 Kf8 20. h3 Ke7 21. Bf1 c6 22. c4 c5 23. Re3 Ne5 24. Rc1 Kd7 25. a3 g6 26. Rg3 g4 27. hxg4 Nxg4 28. f3 Nf6 29. Rd1 Nh5 30. Rg5 Nf4 31. g3 f6 32. Rgd5 Bxd5 33. cxd5 Nh5 34. Bb5+ Kc7 35. Bxe8 Rxe8 36. Rh1 Re7 37. Kc2 f5 38. Nd2 Nxg3 39. Rh3 Ne2 40. Rh6 Nd4+ 41. Kc3 Rg7 42. Kd3 b5 43. f4 fxe4+ 44. Nxe4 Nf5 45. Rh3 Re7 46. Ng5 Re1 47. Ne6+ Kb6 48. Kd2 Rf1 49. Rh7 Rf2+ 50. Kc1 c4 51. Nd8 Kc5 52. Rxb7 Kd4 53. Kb1 Ne3 54. Nc6+ Kxd5 55. Nb4+ Kc5 56. Re7 Nf5 57. Re6 Rg2 58. Re8 Rg1+ 59. Ka2 Nd4 60. Rc8+ Kb6 61. a4 Kb7 62. Rd8 Nb3 63. Ka3 Ra1+ 64. Na2 Nd4 0-1

[Event "Yerevan ol (Men)"]
[Site "Yerevan"]
[Date "1996.??.??"]
[Round "7"]
[White "Zarnicki, Pablo"]
[Black "Giorgadze, Giorgi"]
[Result "1/2-1/2"]
[WhiteElo "2540"]
[BlackElo "2580"]
[PlyCount "77"]
[EventDate "1996.09.??"]
[Source "www.chesslib.no"]
[SourceDate "2004.05.04"]

1. e4 e5 2. Nc3 Bc5 3. Nf3 d6 4. Na4 Nf6 5. d3 Nc6 6. g3 Bg4 7. Bg2 Nd4 8. h3 Bxf3 9. Bxf3 Nxf3+ 10. Qxf3 Bb4+ 11. Nc3 d5 12. exd5 Qxd5 13. Qxd5 Nxd5 14. Bd2 Nxc3 15. bxc3 Bc5 16. O-O O-O-O 17. Rfe1 f6 18. Kg2 Rd6 19. f4 exf4 20. Bxf4 Rb6 21. a4 Rd8 22. a5 Ra6 23. Kf3 Kd7 24. g4 Ra8 25. d4 Bf8 26. Bd2 b5 27. axb6 axb6 28. Rxa6 Rxa6 29. Ke4 Ra8 30. c4 Bd6 31. Rf1 Re8+ 32. Kd3 Re6 33. d5 Re8 34. h4 Rf8 35. Bc3 Ke7 36. Re1+ Kf7 37. Rf1 Ke7 38. Re1+ Kd7 39. Rf1 1/2-1/2

[Event "Tch-ESP Division de Honor"]
[Site "Lanzarote"]
[Date "2003.05.10"]
[Round "5.10"]
[White "Narciso Dublan, Marc"]
[Black "Giorgadze, Giorgi"]
[Result "1/2-1/2"]
[WhiteElo "2501"]
[BlackElo "2593"]
[PlyCount "31"]
[EventDate "2003.05.06"]
[Source "Roberto Alvarez"]
[SourceDate "2003.05.19"]

1. e4 e5 2. Nc3 Bc5 3. Nf3 d6 4. Na4 Nd7 5. Be2 Ngf6 6. d3 h6 7. O-O O-O 8. c3 a5 9. Nxc5 Nxc5 10. Be3 Qe7 11. h3 b6 12. Re1 Bb7 13. Nh4 Bc8 14. Nf3 Bb7 15. Nh4 Bc8 16. Nf3 1/2-1/2

[Event "Sants"]
[Site "?"]
[Date "2006.08.28"]
[Round "4"]
[White "Narciso Dublan Marc"]
[Black "Giorgadze Giorgi"]
[Result "1/2-1/2"]
[WhiteElo "2467"]
[BlackElo "2607"]
[PlyCount "24"]
[EventDate "2006.??.??"]
[Source "www.chesslib.no"]
[SourceDate "2004.05.04"]

1. e4 e5 2. Nc3 Bc5 3. Nf3 d6 4. Na4 Qe7 5. Bb5+ Bd7 6. Bxd7+ Nxd7 7. O-O Ngf6 8. d3 h6 9. Nxc5 Nxc5 10. Nh4 g6 11. f4 exf4 12. Bxf4 Ne6 1/2-1/2

[Event "Jurmala"]
[Site "Jurmala LAT"]
[Date "1978.??.??"]
[Round "13"]
[White "Gipslis, Aivars P"]
[Black "Lutikov, Anatoly S"]
[Result "1/2-1/2"]
[WhiteElo "2525"]
[BlackElo "2540"]
[PlyCount "21"]
[EventDate "1978.??.??"]
[Source "www.chesslib.no"]
[SourceDate "2004.05.04"]

1. e4 Nc6 2. Nc3 e5 3. g3 f5 4. d3 Nf6 5. Bg2 Bb4 6. Nge2 fxe4 7. dxe4 O-O 8. O-O d6 9. Nd5 Nxd5 10. Qxd5+ Kh8 11. Be3 1/2-1/2

[Event "ISR-chT"]
[Site "Israel"]
[Date "1999.01.08"]
[Round "1"]
[White "Murey, Jacob"]
[Black "Kosashvili, Yona"]
[Result "0-1"]
[WhiteElo "2460"]
[BlackElo "2580"]
[PlyCount "70"]
[EventDate "1999.01.??"]
[Source "www.chesslib.no"]
[SourceDate "2004.05.04"]

1. e4 e5 2. f4 exf4 3. Nc3 Nc6 4. Nf3 g5 5. h3 Bg7 6. d4 d6 7. Bc4 h6 8. a3 Nf6 9. O-O O-O 10. Re1 Nh5 11. d5 Nb8 12. e5 dxe5 13. Nxe5 Nf6 14. b4 Nbd7 15. Nxd7 Bxd7 16. Bb2 Bf5 17. Nb5 a6 18. Nd4 Bg6 19. Nf3 b5 20. Bb3 Re8 21. c4 Rxe1+ 22. Qxe1 bxc4 23. Bxc4 Be4 24. Rd1 Bxf3 25. gxf3 Ne8 26. Bxg7 Kxg7 27. Qe2 Qd6 28. Kg2 Nf6 29. Qf2 a5 30. Qc5 axb4 31. Qxd6 cxd6 32. axb4 Rc8 33. Rd4 Nd7 34. Kf2 Nb6 35. Bd3 Kf6 0-1

[Event "Perenyi Memorial"]
[Site "Budapest HUN"]
[Date "1989.??.??"]
[Round "?"]
[White "Watson, William N"]
[Black "Pinter, Jozsef"]
[Result "1/2-1/2"]
[WhiteElo "2505"]
[BlackElo "2500"]
[PlyCount "30"]
[EventDate "1989.??.??"]
[Source "www.chesslib.no"]
[SourceDate "2004.05.04"]

1. e4 e5 2. Nc3 g6 3. d4 d6 4. Nf3 Nd7 5. Bc4 h6 6. Be3 Bg7 7. h3 c6 8. a4 Ngf6 9. Qd2 Qe7 10. dxe5 dxe5 11. Rd1 g5 12. h4 g4 13. Nh2 Nb6 14. Be2 Be6 15. b3 Qb4 1/2-1/2

[Event "JUG Ch sf"]
[Site "Kladovo"]
[Date "1994.??.??"]
[Round "?"]
[White "Marinkovic, Ivan"]
[Black "Damljanovic, Branko"]
[Result "1/2-1/2"]
[WhiteElo "2445"]
[BlackElo "2560"]
[PlyCount "87"]
[EventDate "1994.??.??"]
[Source "www.chesslib.no"]
[SourceDate "2004.05.04"]

1. e4 e5 2. Nc3 d6 3. Nf3 Nd7 4. d4 Be7 5. g3 Ngf6 6. Bg2 O-O 7. O-O c6 8. a4 b6 9. b3 a6 10. Qe2 Bb7 11. Rd1 Qc7 12. Ba3 exd4 13. Nxd4 g6 14. Nf3 Rfe8 15. Qd2 Nc5 16. Qd4 Ng4 17. Bb2 Bf6 18. e5 Nxe5 19. Qxd6 Qxd6 20. Rxd6 Ng4 21. Ne1 Be5 22. Rd2 Re7 23. Rad1 Rae8 24. Nd3 Nxd3 25. Rxd3 b5 26. axb5 axb5 27. Bf3 h5 28. h3 Nf6 29. Ba3 Re6 30. Bd6 Bxc3 31. Rxc3 Nd5 32. Bxd5 cxd5 33. Rc7 Rxd6 34. Rxb7 Re2 35. Rxb5 Rde6 36. Rf1 d4 37. Rd5 Rd2 38. b4 Rc6 39. Rc5 Rxc5 40. bxc5 Rxc2 41. Rd1 Rc4 42. c6 Kf8 43. c7 Rxc7 44. Rxd4 1/2-1/2

[Event "Tch-SWE 2002-3"]
[Site "Sweden"]
[Date "2003.03.01"]
[Round "8"]
[White "Djurhuus, Rune"]
[Black "Gdanski, Jacek"]
[Result "0-1"]
[WhiteElo "2479"]
[BlackElo "2506"]
[PlyCount "82"]
[EventDate "2003.01.01"]
[Source "Roberto Alvarez"]
[SourceDate "2003.03.17"]

1. e4 e5 2. Nc3 d6 3. Bc4 Nc6 4. f4 exf4 5. d4 Qh4+ 6. Kf1 Bg4 7. Qd3 g5 8. Bb5 a6 9. Nd5 Kd7 10. Bxc6+ bxc6 11. Nb4 Bg7 12. Bd2 Ne7 13. Nxa6 f3 14. g3 Qh5 15. h3 f5 16. Re1 f2 17. Kxf2 fxe4 18. Qxe4 Qf7+ 19. Kg2 Bf5 20. Qe2 Nd5 21. Nf3 Rhe8 22. Qf2 Rxa6 23. Nxg5 Rxe1 24. Rxe1 Qg6 25. c4 Nf6 26. Qe2 Rxa2 27. g4 Be4+ 28. Nxe4 Qxe4+ 29. Qxe4 Nxe4 30. Rxe4 Rxb2 31. Re2 Bh6 32. Bxh6 Rxe2+ 33. Kf3 Rh2 34. Kg3 Rc2 35. Be3 Rxc4 36. h4 Ke6 37. h5 c5 38. dxc5 d5 39. Kf3 c6 40. g5 Rh4 41. h6 Kf5 0-1

[Event "Nagler mem"]
[Site "Zurich"]
[Date "1998.08.09"]
[Round "3"]
[White "Forster, Richard"]
[Black "Smyslov, Vassily"]
[Result "1/2-1/2"]
[WhiteElo "2475"]
[BlackElo "2500"]
[PlyCount "46"]
[EventDate "1998.08.??"]
[Source "www.chesslib.no"]
[SourceDate "2004.05.04"]

1. e4 e5 2. Nc3 Bc5 3. f4 d6 4. Nf3 Nc6 5. Bc4 Bg4 6. Na4 exf4 7. Nxc5 dxc5 8. d3 Bxf3 9. Qxf3 Ne5 10. Qxf4 Nxc4 11. dxc4 Ne7 12. Be3 Ng6 13. Qf5 b6 14. O-O O-O 15. Rad1 Qc8 16. b3 f6 17. Rd7 Ne5 18. Re7 Qxf5 19. exf5 Rac8 20. Bf4 Rfe8 21. Rxe8+ Rxe8 22. Rd1 Kf7 23. Kf2 a5 1/2-1/2

[Event "Val Maubuee"]
[Site "Val Maubuee"]
[Date "1989.??.??"]
[Round "7"]
[White "Hector, Jonny"]
[Black "Abramovic, Bosko"]
[Result "1/2-1/2"]
[WhiteElo "2485"]
[BlackElo "2485"]
[PlyCount "154"]
[EventDate "1989.04.??"]
[Source "www.chesslib.no"]
[SourceDate "2004.05.04"]

1. e4 e5 2. Nc3 Bc5 3. Nf3 d6 4. Na4 Qe7 5. Nxc5 dxc5 6. b3 Nc6 7. Bb5 Bd7 8. Bb2 f6 9. d3 O-O-O 10. Bxc6 Bxc6 11. Qe2 Bd7 12. Nd2 Be6 13. Qe3 Nh6 14. g3 b6 15. f4 Bh3 16. O-O-O Ng4 17. Qe2 Nh6 18. fxe5 fxe5 19. Qh5 Bg4 20. Qxe5 Qxe5 21. Bxe5 Bxd1 22. Bxg7 Rhg8 23. Bxh6 Bg4 24. Nc4 Bh3 25. Kd2 Rde8 26. Re1 Be6 27. Ne3 Kd7 28. Ng2 Re7 29. Ke3 Rf7 30. Nh4 Bg4 31. Rh1 Rf6 32. Bf4 h5 33. h3 Be6 34. Nf3 a6 35. c3 Kc8 36. h4 a5 37. d4 cxd4+ 38. cxd4 c6 39. Ne5 Kb7 40. Rd1 a4 41. Nc4 Bg4 42. Rb1 axb3 43. Rxb3 b5 44. a4 Bd1 45. Rb1 Bxa4 46. Nb2 Ra8 47. Nd3 Rf7 48. Rc1 Rh7 49. Bd6 Rg7 50. Kd2 Kb6 51. Nb4 Rc8 52. Rc3 Rg4 53. Bf4 Rgg8 54. Rc5 Rge8 55. Ke3 Bd1 56. Bd6 Re6 57. e5 Kb7 58. Rc1 Bg4 59. Rf1 Rxd6 60. exd6 Re8+ 61. Kd2 Re6 62. Nd3 Rxd6 63. Kc3 Kb6 64. Rf4 Ka5 65. Ne5 Bc8 66. Rf8 Bh3 67. Rh8 Bf1 68. Rxh5 Ka4 69. Rf5 b4+ 70. Kb2 Bb5 71. Rf4 c5 72. Rf8 cxd4 73. Ra8+ Ba6 74. Nd3 Kb5 75. Rb8+ Ka5 76. Nc5 d3 77. Nb3+ Ka4 1/2-1/2

[Event "Corr"]
[Site "?"]
[Date "1996.11.01"]
[Round "?"]
[White "Carleton John Joseph (ENG)"]
[Black "Tomkovich Viktor Vasilyevich"]
[Result "1-0"]
[WhiteElo "2465"]
[BlackElo "2505"]
[PlyCount "91"]
[EventDate "1996.??.??"]
[Source "www.chesslib.no"]
[SourceDate "2004.05.04"]

1. e4 e5 2. Nc3 Bc5 3. f4 d6 4. Nf3 Nf6 5. Bc4 a6 6. d3 Nc6 7. Nd5 Bg4 8. c3 Ba7 9. b4 exf4 10. Bxf4 Ne5 11. Bg5 Nxc4 12. dxc4 Bf2+ 13. Kf1 Nxd5 14. Qxd5 f6 15. Kxf2 fxg5 16. e5 c6 17. Qxd6 Rf8 18. Rad1 Qe7 19. Rd4 Bxf3 20. gxf3 Rd8 21. Qxe7+ Kxe7 22. Rhd1 Rxd4 23. cxd4 g4 24. Rd3 b5 25. c5 Rf4 26. Kg3 g5 27. fxg4 Ke6 28. h4 h6 29. h5 Kd5 30. Rf3 Rxd4 31. Rf6 Rxb4 32. Rxh6 Ra4 33. e6 Ra3+ 34. Kf2 Rxa2+ 35. Ke3 Ra3+ 36. Kd2 Ra2+ 37. Kc3 Kxc5 38. e7 Re2 39. Rh7 b4+ 40. Kd3 Re1 41. Rf7 b3 42. Kc3 Re3+ 43. Kd2 Kd4 44. h6 Rd3+ 45. Kc1 Kc3 46. Rf1 1-0

[Event "LTU-ch"]
[Site "Vilnius"]
[Date "2002.05.21"]
[Round "7"]
[White "Asauskas, Henrikas"]
[Black "Sulskis, Sarunas"]
[Result "0-1"]
[WhiteElo "2384"]
[BlackElo "2577"]
[PlyCount "154"]
[EventDate "2002.05.17"]
[Source "ChessBase"]
[SourceDate "2002.09.20"]

1. e4 Nc6 2. Nc3 e5 3. f4 Bb4 4. Nf3 d6 5. Bb5 Bxc3 6. bxc3 Bd7 7. d3 Qe7 8. O-O Nf6 9. Kh1 h6 10. fxe5 Nxe5 11. Nxe5 dxe5 12. a4 O-O-O 13. Ba3 Qe8 14. Qf3 Kb8 15. Rfb1 Ka8 16. Bc5 b6 17. Bg1 a5 18. c4 c5 19. c3 Qe6 20. d4 Bc8 21. d5 Qe7 22. Bc6+ Ka7 23. Rb3 Ba6 24. Rab1 Rb8 25. Qe2 Rhc8 26. h3 Qd6 27. Bh2 Qc7 28. Bb5 Bxb5 29. Rxb5 Ne8 30. Qg4 f6 31. R5b2 Nd6 32. Qe2 Qd7 33. Ra2 Qb7 34. Bg3 h5 35. Rab2 Qd7 36. Rb5 Qe8 37. Bh2 Qg6 38. Re1 Kb7 39. Rb2 Kc7 40. Rbb1 Rb7 41. Rb2 Kb8 42. Rb3 Qe8 43. Ra3 Ka7 44. Ra2 Rcc7 45. Raa1 Qg6 46. Rab1 Rb8 47. Rb2 h4 48. Rbb1 Rh8 49. Rb3 Qh5 50. Qd3 Qe8 51. Reb1 Rb7 52. Rb5 Qd7 53. Bg1 Rc8 54. Qe2 Qe8 55. Bh2 g5 56. Re1 Rg7 57. Qg4 Qd7 58. Qf3 Rg6 59. Reb1 g4 60. hxg4 Nxb5 61. cxb5 Qxg4 62. Rf1 Qxf3 63. gxf3 Rcg8 64. f4 exf4 65. Bxf4 Re8 66. Bc7 Kb7 67. d6 Rxe4 68. Rd1 Rg8 69. Kh2 Rxa4 70. Rf1 Ra2+ 71. Kh3 Rg3+ 72. Kxh4 Rg7 73. Kh3 Rc2 74. Rf3 Rc1 75. Kh2 a4 76. Bd8 a3 77. Bxf6 Rf7 0-1

[Event "New York Open"]
[Site "New York, NY USA"]
[Date "1984.??.??"]
[Round "2"]
[White "Rizzitano, James"]
[Black "Larsen, Bent"]
[Result "1/2-1/2"]
[WhiteElo "2390"]
[BlackElo "2565"]
[PlyCount "142"]
[EventDate "1984.04.??"]
[Source "www.chesslib.no"]
[SourceDate "2004.05.04"]

1. e4 e5 2. Nc3 Bc5 3. Nf3 d6 4. d4 exd4 5. Nxd4 Nf6 6. Nb3 Bb6 7. Bg5 h6 8. Bh4 Nc6 9. Bd3 Be6 10. Na4 d5 11. Nxb6 axb6 12. exd5 Qxd5 13. O-O O-O-O 14. Re1 g5 15. Bg3 h5 16. Qf3 Qxf3 17. gxf3 Rhg8 18. Be5 Nxe5 19. Rxe5 Rd5 20. Rae1 Kd7 21. Nd2 h4 22. a3 c6 23. Nc4 Kc7 24. Nd2 b5 25. R5e3 Nh5 26. Ne4 Rgd8 27. Nc3 R5d7 28. Ne2 Kb6 29. Re5 Rd5 30. Re3 R5d6 31. Re5 f6 32. Re3 Bc8 33. Re7 Re6 34. Rxe6 Bxe6 35. Bg6 Ng7 36. f4 g4 37. Bd3 Bc4 38. Nc1 Nh5 39. f5 Bd5 40. Re3 Nf4 41. Ne2 Nh3+ 42. Kf1 Ng5 43. Nf4 Ra8 44. Nxd5+ cxd5 45. Be2 Rc8 46. c3 d4 47. cxd4 Rc1+ 48. Kg2 h3+ 49. Kg3 Rg1+ 50. Kh4 Rg2 51. Bxg4 Rxf2 52. Re6+ Nxe6 53. fxe6 Rf4 54. Kh5 Kc7 55. Bxh3 Kd6 56. Kg6 Ke7 57. d5 Rd4 58. Bf5 Rxd5 59. h4 Rd2 60. h5 Rg2+ 61. Kh7 Rxb2 62. Kg7 Rg2+ 63. Bg6 Rg3 64. h6 Rxa3 65. h7 Ra8 66. Bf5 b4 67. h8=Q Rxh8 68. Kxh8 b3 69. Kg7 b2 70. Kg6 b5 71. Kh5 b1=Q 1/2-1/2

[Event "Alushta3"]
[Site "Alushta"]
[Date "1999.??.??"]
[Round "?"]
[White "Kochetkov, German"]
[Black "Kuzmin, Gennadi P"]
[Result "0-1"]
[WhiteElo "2395"]
[BlackElo "2546"]
[PlyCount "66"]
[EventDate "1999.??.??"]
[Source "www.chesslib.no"]
[SourceDate "2004.05.04"]

1. e4 e5 2. Nc3 d6 3. g3 Nc6 4. Bg2 g6 5. Nge2 Bg7 6. d3 h5 7. h3 h4 8. g4 Nge7 9. Be3 Nd4 10. f3 c5 11. O-O Be6 12. Bf2 Qd7 13. Nxd4 cxd4 14. Ne2 d5 15. c3 dxc3 16. Nxc3 d4 17. Ne2 g5 18. Qd2 f6 19. Rfc1 Nc6 20. Kh2 Bf8 21. Bf1 Bd6 22. Ng1 a5 23. Be2 a4 24. Bd1 O-O 25. Bc2 Nb4 26. a3 Nc6 27. Qd1 b5 28. Be1 Na5 29. Ne2 Rfc8 30. Bd2 Kg7 31. Qe1 Nc6 32. Kg2 Rc7 33. Qd1 Ne7 0-1

[Event "Lloyds Bank Open"]
[Site "London ENG"]
[Date "1994.??.??"]
[Round "3"]
[White "Mortazavi, Ali"]
[Black "Miles, Anthony J"]
[Result "0-1"]
[WhiteElo "2350"]
[BlackElo "2590"]
[PlyCount "74"]
[EventDate "1994.08.??"]
[Source "www.chesslib.no"]
[SourceDate "2004.05.04"]

1. e4 Nc6 2. Nc3 e5 3. f4 exf4 4. Nf3 g5 5. d4 g4 6. Bc4 gxf3 7. Qxf3 d5 8. Nxd5 Nxd4 9. Qxf4 Bd6 10. Qf2 Nc6 11. Bf4 Ne5 12. O-O Nxc4 13. Qd4 f6 14. Qxc4 Bxf4 15. Nxf4 c6 16. e5 f5 17. Rad1 Qe7 18. Qc3 Nh6 19. Qh3 Qg5 20. Rd6 Ng4 21. Rg6 Qe7 22. Qh5 hxg6 23. Qxh8+ Kd7 24. Nxg6 Qc5+ 25. Kh1 Kc7 26. h3 Ne3 27. Re1 Qxc2 28. Rg1 Qe4 29. Qf6 b5 30. Qd6+ Kb6 31. Qd8+ Ka6 32. Qc7 Bb7 33. Ne7 Rh8 34. Kh2 Qf4+ 35. Kh1 Qe4 36. Kh2 Ng4+ 37. Kh1 Rxh3# 0-1

[Event "Clichy"]
[Site "Clichy"]
[Date "1995.??.??"]
[Round "?"]
[White "David, Alberto"]
[Black "Nikcevic, Nebojsa"]
[Result "0-1"]
[WhiteElo "2465"]
[BlackElo "2470"]
[PlyCount "74"]
[EventDate "1995.09.??"]
[Source "ChessBase"]

1. e4 e5 2. Nc3 Bb4 3. Nd5 Ba5 4. Qg4 g6 5. Qg3 d6 6. f4 c6 7. Nc3 Nf6 8. fxe5 Nh5 9. Qf3 dxe5 10. Bc4 O-O 11. d3 Kg7 12. Bd2 Qh4+ 13. g3 Qg4 14. Kf2 Qd7 15. Kg2 b5 16. Bb3 Bb6 17. Rf1 a5 18. a4 b4 19. Nd1 Na6 20. Ne3 Nc5 21. Nf5+ Kh8 22. Bg5 f6 23. Bh6 Nxb3 24. cxb3 Ba6 25. Bxf8 Rxf8 26. Rd1 gxf5 27. Qxh5 Bxd3 28. exf5 Qxf5 29. Qxf5 Bxf5 30. Nf3 e4 31. Nh4 Be6 32. Rhf1 Bxb3 33. Rd6 e3 34. Rfxf6 Re8 35. Kf1 Bxa4 36. Nf5 e2+ 37. Ke1 Bf2+ 0-1

[Event "Cappelle op"]
[Site "Cappelle la Grande "]
[Date "1996.??.??"]
[Round "3"]
[White "Motwani, Paul"]
[Black "Gorbatow, Alexej"]
[Result "0-1"]
[WhiteElo "2505"]
[BlackElo "2430"]
[PlyCount "70"]
[EventDate "1996.02.??"]
[Source "ChessBase"]

1. e4 e5 2. Nc3 Bb4 3. Nd5 Ba5 4. b4 c6 5. bxa5 cxd5 6. exd5 Nf6 7. c4 Qxa5 8. Nf3 O-O 9. Be2 d6 10. O-O Nbd7 11. d4 e4 12. Nh4 b5 13. Nf5 bxc4 14. Nxd6 Ba6 15. Bxc4 Bxc4 16. Nxc4 Qc3 17. Qb3 Qxa1 18. Bb2 Qxf1+ 19. Kxf1 Rab8 20. Qa4 Rfc8 21. Ba3 Rb1+ 22. Ke2 Nb6 23. Nxb6 axb6 24. d6 b5 25. Qa5 Rc2+ 26. Ke3 Rc8 27. Kd2 b4 28. Bxb4 Rb2+ 29. Kd1 h6 30. Qc7 Ra8 31. Bc3 Rbb8 32. a4 Rc8 33. Qb7 Rab8 34. Qa7 e3 35. fxe3 Ne4 0-1

[Event "Budapest Hungaroil"]
[Site "Budapest HUN"]
[Date "1995.??.??"]
[Round "11"]
[White "Varga, Zoltan"]
[Black "Petran, Pal"]
[Result "1/2-1/2"]
[WhiteElo "2460"]
[BlackElo "2470"]
[PlyCount "27"]
[EventDate "1995.??.??"]
[Source "www.chesslib.no"]
[SourceDate "2004.05.04"]

1. Nc3 e5 2. e4 Nc6 3. f4 exf4 4. d4 Qh4+ 5. Ke2 d6 6. Nf3 Bg4 7. Bxf4 O-O-O 8. Bg3 Qf6 9. Bf2 Nge7 10. h3 Bxf3+ 11. gxf3 Kb8 12. Be3 g6 13. Qd2 Bg7 14. Rd1 1/2-1/2

[Event "YUG-ch35"]
[Site "?"]
[Date "1980.02.??"]
[Round "2"]
[White "Janosevic Dragoljub"]
[Black "Knezevic Milorad"]
[Result "1/2-1/2"]
[WhiteElo "2440"]
[BlackElo "2490"]
[PlyCount "20"]
[EventDate "1980.??.??"]
[Source "www.chesslib.no"]
[SourceDate "2004.05.04"]

1. e4 e5 2. Nc3 Bc5 3. Nf3 d6 4. d4 exd4 5. Nxd4 Nf6 6. Be2 O-O 7. O-O Re8 8. Nb3 Bb6 9. a4 a5 10. Bg5 Nbd7 1/2-1/2

[Event "Tch-BIH"]
[Site "Neum"]
[Date "2004.05.31"]
[Round "3"]
[White "Basagic, Zlatko"]
[Black "Atalik, Suat"]
[Result "0-1"]
[WhiteElo "2369"]
[BlackElo "2554"]
[PlyCount "42"]
[EventDate "2004.05.29"]
[Source "Roberto Alvarez"]
[SourceDate "2004.06.07"]

1. e4 e5 2. Nc3 Bc5 3. Qh5 d6 4. Bc4 g6 5. Qf3 Be6 6. Bxe6 fxe6 7. d3 Nc6 8. Be3 Nf6 9. Qh3 Qe7 10. Nf3 O-O 11. Bh6 Rfe8 12. O-O a6 13. Ne2 Nd8 14. Ng5 Kh8 15. Kh1 Ng8 16. f4 Nxh6 17. Qxh6 Qg7 18. Qh3 Kg8 19. fxe5 dxe5 20. c3 h6 21. Nf3 Nf7 0-1

[Event "Belarus (ch) 72/296"]
[Site "?"]
[Date "1998.??.??"]
[Round "?"]
[White "Shulman, Yuri"]
[Black "Kovalev, Andrei"]
[Result "1/2-1/2"]
[WhiteElo "2480"]
[BlackElo "2440"]
[PlyCount "83"]
[EventDate "1998.??.??"]
[Source "ChessBase"]
[SourceDate "1998.02.01"]

1. e4 Nc6 2. Nc3 e5 3. f4 Bc5 4. Nf3 d6 5. Bc4 Bg4 6. Na4 Nd4 7. Nxc5 Bxf3 8. gxf3 Qh4+ 9. Kf1 dxc5 10. fxe5 O-O-O 11. d3 b5 12. Bxf7 Ne7 13. Be3 Nec6 14. e6 Ne5 15. Bxd4 Rxd4 16. Qe2 c4 17. Qf2 Qh3+ 18. Qg2 Qh6 19. Qg3 Qf6 20. Kg2 cxd3 21. cxd3 Rxd3 22. Rhf1 Rd2+ 23. Rf2 Rxf2+ 24. Qxf2 Rd8 25. Rf1 Kb8 26. Kh1 Nd3 27. Qg3 g5 28. b3 Nf4 29. Qf2 Qe5 30. Qc2 c5 31. Rd1 Rd4 32. h4 Nxe6 33. Bxe6 Rxd1+ 34. Qxd1 Qxe6 35. Qd8+ Kb7 36. Qxg5 Qh3+ 37. Kg1 Qxf3 38. Qxc5 Qg3+ 39. Kf1 Qf4+ 40. Kg1 Qg3+ 41. Kf1 Qf3+ 42. Kg1 1/2-1/2

[Event "VII Sreiber Mem, Subotica YUG"]
[Site "?"]
[Date "2001.??.??"]
[Round "6"]
[White "Popchev, M."]
[Black "Drazic, S."]
[Result "1/2-1/2"]
[WhiteElo "2450"]
[BlackElo "2470"]
[PlyCount "37"]
[EventDate "2001.??.??"]
[Source "www.chesslib.no"]
[SourceDate "2004.05.04"]

1. e4 e5 2. Nc3 Ne7 3. Nf3 d6 4. d4 exd4 5. Nxd4 Nbc6 6. Be3 Nxd4 7. Bxd4 Nc6 8. Be3 Be7 9. Nd5 O-O 10. Be2 Re8 11. O-O Bf8 12. f3 Ne5 13. Qd2 c6 14. Nc3 Qc7 15. Rad1 b6 16. Kh1 Bb7 17. Rfe1 Rad8 18. Bf1 a6 19. a4 1/2-1/2

[Event "Match \"]
[Site "Moscow RUS"]
[Date "1985.??.??"]
[Round "?"]
[White "Malaniuk, Vladimir P"]
[Black "Hecht, Hans-Joachim"]
[Result "1-0"]
[WhiteElo "2465"]
[BlackElo "2445"]
[PlyCount "61"]
[EventDate "1985.??.??"]
[Source "www.chesslib.no"]
[SourceDate "2004.05.04"]

1. e4 e5 2. Nc3 d6 3. d4 exd4 4. Qxd4 Nc6 5. Bb5 Bd7 6. Bxc6 bxc6 7. Nf3 Ne7 8. Bg5 f6 9. Be3 Ng6 10. O-O-O Be7 11. Qc4 Qc8 12. h4 h5 13. a3 Qb7 14. Nd4 Ne5 15. Qa2 Qa6 16. Ne6 Bxe6 17. Qxe6 Qc8 18. Qa2 Kd7 19. Qb3 Qg8 20. Qa4 Qc4 21. Qa5 Rhb8 22. f4 Ng4 23. Bd4 Qf7 24. Rhe1 Rb7 25. Qa6 Rab8 26. Bxa7 Rxb2 27. Bxb8 Rxb8 28. Rd4 f5 29. e5 Qe6 30. Qa4 Rb6 31. Re2 1-0